The problems of state aid to education, (Record no. 21243)

MARC details
000 -LEADER
fixed length control field 00734cam a22002291 4500
001 - CONTROL NUMBER
control field e 32000496
003 - CONTROL NUMBER IDENTIFIER
control field DLC
005 - DATE AND TIME OF LATEST TRANSACTION
control field 20260227111222.0
008 - FIXED-LENGTH DATA ELEMENTS--GENERAL INFORMATION
fixed length control field 880120s1929 dcu b 000 0 eng c
010 ## - LIBRARY OF CONGRESS CONTROL NUMBER
LC control number e 32000496
035 ## - SYSTEM CONTROL NUMBER
System control number (OCoLC)17364225
040 ## - CATALOGING SOURCE
Original cataloging agency Library, U.S. Office of Education
Transcribing agency Mi
Modifying agency DLC
042 ## - AUTHENTICATION CODE
Authentication code premarc
050 00 - LIBRARY OF CONGRESS CALL NUMBER
Classification number LB2825
Item number .H4
100 1# - MAIN ENTRY--PERSONAL NAME
Personal name Healy, Mary Tenney.
245 14 - TITLE STATEMENT
Title The problems of state aid to education,
Statement of responsibility, etc. by Mary Tenney Healy.
260 ## - PUBLICATION, DISTRIBUTION, ETC.
Place of publication, distribution, etc. Washington, D.C.,
Name of publisher, distributor, etc. Committee on Education, National League of Women Voters,
Date of publication, distribution, etc. 1929.
300 ## - PHYSICAL DESCRIPTION
Extent 23 p.
Dimensions 23 cm.
504 ## - BIBLIOGRAPHY, ETC. NOTE
Bibliography, etc. note Bibliography: p. 23.
650 #0 - SUBJECT ADDED ENTRY--TOPICAL TERM
Topical term or geographic name entry element Education
Geographic subdivision United States
General subdivision Finance.
650 #0 - SUBJECT ADDED ENTRY--TOPICAL TERM
Topical term or geographic name entry element Education and state
Geographic subdivision United States.

No items available.

Powered by Koha